000 01824 a2200265 4500
003 OSt
005 20260203101246.0
008 120517t xxu||||| |||| 00| 0 eng d
020 _a1920744835 (hardcover)
020 _a9781920744830 (hardcover)
040 _c0
082 0 4 _a720.922
100 1 _aGroup, Images Publishing.
_91656
245 1 0 _aJakob + macfarlane :
_bneo architecture /
_cImages Publishing Group.
260 _aVictoria :
_bImages Publishing Dist A/C,
_c2007.
300 _a124 p. :
_bill.;
_c27 cm.
520 _aThe work of Paris-based architects Jakob + McFarlane can best be described as the capture and articulation of movement, both etheral and real. The firm's focus on movement seeks to mobilise vectors of force to infuse a dynamic sensibility in its work, evident in well-known projects such as Restaurant Georges at the Pompidou Centre and the Florence Loewy Bookshop, both in Paris. The firm's sophisticated design schemes are the result of high-end digital compuer technology used in its design process. Jakob + MacFarlane's work has been published and exhibtied widely and it has been proclaimed as a highly promising collaborative, representing the best in French architecture and architectural sensibility of the twenty-first century. This book explores a variety of Jakob + MacFarlane's projects to date, both built and unbuilt, allowing the reader an insight into the workings of a burgeoning practice.
650 0 _aArchitectural firms
_932517
650 0 _aArchitecture, Modern
_932028
650 0 _aArchitecture, Modern
_y20th century
_91659
651 0 _aFrance
_zParis
_932873
856 4 0 _3Amazon.com
_uhttp://www.amazon.com/exec/obidos/ASIN/1920744835/chopaconline-20
942 _aSADA
_cBK
_k720.922 JAK 2007
_2ddc
999 _c352548
_d352548